000 00944nam a22002177a 4500
003 JO-AjAnu
005 20240909141557.0
008 240909b jo ||||| |||| 00| 0 ara d
040 _aJO-AjAnu
_bara
_cJO-AjAnu
_erda
041 _aara
_hara
050 _a.JQ1833
_bA91.U4286 2013
100 1 _aالعمري، عمر صالح
_949436
_eمؤلف
245 0 _aالحكومات الاردنية في عهد الملك عبدالله الثاني ابن الحسين دراسة وثائقية(1999-2012) /
_cتأليف عمر صالح العمري، محمد محمود العناقرة
260 _aعمان:
_bالمؤلفان،
_c2013
300 _a584 صفحة
490 _aسلسلة الاردن اولاً ؛ 1
504 _aيحتوي على ملاحق
650 7 0 _aالحكومة - تاريخ الاردن-الاردن
_966186
700 1 _aالعناقرة، محمد محمود
_eمؤلف مشارك
_966187
942 _2lcc
_cBK
_n0
999 _c33672
_d33672